000 00718nam a2200217Ii 4500
003 JO-AjNU
008 230605s9999||||xx |||||||||||||| ||und||
020 _a977-5769-50-7
040 _aJO-AjNU
_bara
_erda
_cJO-AjNU
041 _aara
050 1 4 _aJC11.M3
100 3 _aالمتيت ، أبو اليزيد علي,
_eauthor
_97003
245 0 0 _aالنظم السياسية والحريات العامة
250 _a(د،ط)
264 3 1 _aالاسكندرية :مؤسسة شباب الجامعة
300 _a367ص
336 _atext
_btxt
_2rdacontent
337 _aunmediated
_bn
_2rdamedia
338 _avolume
_bnc
_2rdacarrier
650 4 _aنظم الحكم - النظم السياسية - الحرية
_97004
999 _aA59
_c3627
_d3627